000 01111nam a2200277Ia 4500
003 OSt
005 20221005105551.0
006 a|||||r|||| 00| 0
007 ta
008 221004b |||||||| |||| 00| 0 hin d
020 _a9788183618243 (hbk)
_cINR 350.00
024 _a35364
037 _bBR-3116, 15/09/2017, Rajkamal Prakashan Pvt. Ltd.
_cTextual
040 _aCRL
_cCRL
_bhin
041 _2hin
_ahin
082 _aO152,4N57x, Q6
100 _aअम्बुज, कुमार, ले.
245 0 _aथलचरः कुछ इंदराज, कुछ टिप्पणियॉं
246 _aThalacharah kuchh iandarāja, kuchh ṭippaṇiyaॉan
260 _aनई दिल्ली
_bराधाकृष्ण प्रकाशन भारत
_c2016
300 _a163पृ0
_ccm.
650 _a हिन्दी साहित्य
650 _aहिन्दी पत्र
942 _hO152,4N57x, Q6
_cTEXL
_2cc
999 _c1016188
_d1016188